Cyclisme: Tous les coureurs cyclistes World Tour en 2025 - Statistiques

Statistiques générales
  • Ce quiz a été pris 1 558 fois
    1 442 depuis la dernière actualisation
  • Le résultat moyen est 108 sur 486
Statistiques - réponses
Equipe Nat. Coureur % Correct
Alpecin Deceuninck 🇳🇱 Mathieu van der Poel
84%
UAE Team Emirates 🇸🇮 Tadej Pogačar
84%
Team Visma - Lease a Bike 🇩🇰 Jonas Vingegaard
78%
Team Visma - Lease a Bike 🇧🇪 Wout Van Aert
75%
Groupama-FDJ 🇫🇷 Guillaume Martin
73%
Red Bull Bora-Hansgrohe 🇸🇮 Primoz Roglic
73%
Soudal Quick-Step 🇧🇪 Remco Evenepoel
72%
Alpecin Deceuninck 🇧🇪 Jasper Philipsen
71%
UAE Team Emirates 🇬🇧 Adam Yates
70%
Team Visma - Lease a Bike 🇬🇧 Simon Yates
70%
Movistar 🇪🇸 Enric Mas
69%
Red Bull Bora-Hansgrohe 🇨🇴 Daniel Felipe Martínez
68%
Team Picnic PostNL 🇨🇴 Guillermo Juan Martinez
68%
Bahrain Victorious 🇫🇷 Lenny Martinez
68%
Lidl - Trek 🇩🇰 Mads Pedersen
67%
Intermarché-Wanty 🇪🇷 Biniam Girmay
66%
Soudal Quick-Step 🇩🇰 Casper Pedersen
66%
Decathlon AG2R La Mondiale Team 🇦🇹 Felix Gall
66%
Arkéa-B&B Hotels 🇫🇷 Kévin Vauquelin
66%
Decathlon AG2R La Mondiale Team 🇫🇷 Paul Seixas
66%
Decathlon AG2R La Mondiale Team 🇩🇰 Rasmus Sojberg Pedersen
66%
UAE Team Emirates 🇵🇹 João Almeida
64%
Team Picnic PostNL 🇫🇷 Romain Bardet
64%
Groupama-FDJ 🇫🇷 David Gaudu
63%
INEOS Grenadiers 🇨🇴 Egan Bernal
63%
UAE Team Emirates 🇲🇽 Isaac Del Toro
61%
INEOS Grenadiers 🇪🇸 Carlos Rodríguez
60%
Arkéa-B&B Hotels 🇪🇸 Cristian Rodriguez
60%
INEOS Grenadiers 🇪🇸 Óscar Rodríguez
60%
EF Education-EasyPost 🇪🇨 Richard Carapaz
60%
Decathlon AG2R La Mondiale Team 🇫🇷 Aurélien Paret-Peintre
59%
Soudal Quick-Step 🇫🇷 Valentin Paret-Peintre
59%
EF Education-EasyPost 🇮🇪 Ben Healy
58%
Team Jayco AlUla 🇦🇺 Ben O'Connor
58%
INEOS Grenadiers 🇬🇧 Geraint Thomas
57%
UAE Team Emirates 🇪🇸 Juan Ayuso
57%
Cofidis 🇫🇷 Benjamin Thomas
56%
Team Visma - Lease a Bike 🇫🇷 Christophe Laporte
56%
Groupama-FDJ 🇨🇭 Stefan Küng
56%
INEOS Grenadiers 🇮🇹 Filippo Ganna
55%
Team Visma - Lease a Bike 🇺🇸 Matteo Jorgenson
55%
UAE Team Emirates 🇫🇷 Pavel Sivakov
55%
Team Visma - Lease a Bike 🇺🇸 Sepp Kuss
54%
Lidl - Trek 🇮🇹 Jonathan Milan
53%
Decathlon AG2R La Mondiale Team 🇮🇪 Sam Bennett
53%
Cofidis 🇳🇱 Jan Maas
51%
Decathlon AG2R La Mondiale Team 🇫🇷 Bruno Armirail
50%
Bahrain Victorious 🇸🇮 Matej Mohorič
50%
Groupama-FDJ 🇫🇷 Valentin Madouas
49%
UAE Team Emirates 🇧🇪 Tim Wellens
48%
Soudal Quick-Step 🇫🇷 Paul Magnier
47%
Team Picnic PostNL 🇫🇷 Warren Barguil
47%
Groupama-FDJ 🇫🇷 Romain Grégoire
46%
Soudal Quick-Step 🇧🇪 Tim Merlier
46%
Arkéa-B&B Hotels 🇫🇷 Arnaud Démare
45%
Decathlon AG2R La Mondiale Team 🇫🇷 Dorian Godon
45%
Red Bull Bora-Hansgrohe 🇩🇪 Florian Lipowitz
45%
Red Bull Bora-Hansgrohe 🇦🇺 Jai Hindley
45%
Red Bull Bora-Hansgrohe 🇷🇺 Aleksandr Vlasov
44%
Decathlon AG2R La Mondiale Team 🇫🇷 Paul Lapeira
44%
Bahrain Victorious 🇹🇼 Sergio Tu
44%
Cofidis 🇫🇷 Bryan Coquard
43%
UAE Team Emirates 🇪🇨 Jhonatan Narvaez
43%
UAE Team Emirates 🇵🇱 Rafał Majka
43%
Bahrain Victorious 🇨🇴 Santiago Buitrago
43%
Decathlon AG2R La Mondiale Team 🇫🇷 Benoît Cosnefroy
42%
Lidl - Trek 🇮🇹 Giulio Ciccone
42%
UAE Team Emirates 🇩🇪 Nils Politt
42%
Decathlon AG2R La Mondiale Team 🇧🇪 Oliver Naesen
42%
Team Visma - Lease a Bike 🇧🇪 Tiesj Benoot
42%
UAE Team Emirates 🇪🇸 Marc Soler
41%
Soudal Quick-Step 🇪🇸 Mikel Landa
41%
Team Picnic PostNL 🇬🇧 Oscar Onley
41%
INEOS Grenadiers 🇳🇱 Thymen Arensman
41%
Alpecin Deceuninck 🇦🇺 Kaden Groves
40%
Bahrain Victorious 🇪🇸 Pello Bilbao
40%
Team Visma - Lease a Bike 🇫🇷 Axel Zingle
39%
Decathlon AG2R La Mondiale Team 🇨🇭 Stefan Bissegger
39%
Team Visma - Lease a Bike 🇮🇹 Edoardo Affini
38%
EF Education-EasyPost 🇺🇸 Neilson Powless
38%
UAE Team Emirates 🇺🇸 Brandon McNulty
37%
Lidl - Trek 🇫🇷 Julien Bernard
37%
Intermarché-Wanty 🇩🇰 Alexander Kamp
36%
Lidl - Trek 🇬🇧 Tao Geoghegan Hart
36%
INEOS Grenadiers 🇫🇷 Axel Laurance
35%
UAE Team Emirates 🇦🇺 Jay Vine
35%
Lidl - Trek 🇩🇰 Mattias Skjelmose
35%
Movistar 🇨🇴 Nairo Quintana
35%
Team Visma - Lease a Bike 🇳🇱 Olav Kooij
35%
Lidl - Trek 🇺🇸 Quinn Simmons
35%
UAE Team Emirates 🇵🇹 Ivo/Rui Oliveira
34%
Groupama-FDJ 🇱🇺 Kevin Geniets
34%
Movistar 🇵🇹 Nélson Oliveira
34%
Decathlon AG2R La Mondiale Team 🇫🇷 Victor Lafay
34%
UAE Team Emirates 🇧🇪 Florian Vermeersch
33%
Cofidis 🇪🇸 Ion Izagirre
33%
EF Education-EasyPost 🇩🇰 Kasper Asgreen
33%
Decathlon AG2R La Mondiale Team 🇫🇷 Nicolas Prodhomme
33%
Alpecin Deceuninck 🇧🇪 Gianni Vermeersch
32%
Soudal Quick-Step 🇧🇪 Ilan Van Wilder
32%
INEOS Grenadiers 🇬🇧 Joshua Tarling
32%
Intermarché-Wanty 🇫🇷 Louis Barré
32%
INEOS Grenadiers 🇵🇱 Michał Kwiatkowski
32%
INEOS Grenadiers 🇱🇺 Bob Jungels
31%
Decathlon AG2R La Mondiale Team 🇫🇷 Clément Berthet
31%
Lidl - Trek 🇧🇪 Jasper Stuyven
31%
Red Bull Bora-Hansgrohe 🇧🇪 Jordi Meeus
31%
Groupama-FDJ 🇬🇧 Lewis Askey
31%
Intermarché-Wanty 🇿🇦 Louis Meintjes
31%
Team Jayco AlUla 🇦🇺 Michael Matthews
31%
Alpecin Deceuninck 🇨🇭 Silvan Dillier
31%
Intermarché-Wanty 🇫🇷 Adrien Petit
30%
EF Education-EasyPost 🇫🇷 Alex Baudin
30%
Bahrain Victorious 🇮🇹 Antonio Tiberi
30%
Team Visma - Lease a Bike 🇭🇺 Attila Valter
30%
Team Visma - Lease a Bike 🇳🇱 Dylan van Baarle
30%
Arkéa-B&B Hotels 🇫🇷 Ewen Costiou
30%
INEOS Grenadiers 🇧🇪 Laurens De Plus
30%
Bahrain Victorious 🇩🇪 Phil Bauhaus
30%
INEOS Grenadiers 🇳🇴 Tobias Foss
30%
Team Visma - Lease a Bike 🇧🇪 Victor Campenaerts
30%
Decathlon AG2R La Mondiale Team 🇮🇹 Andrea Vendrame
29%
Decathlon AG2R La Mondiale Team 🇫🇷 Bastien Tronchon
29%
Bahrain Victorious 🇮🇹 Damiano Caruso
29%
Red Bull Bora-Hansgrohe 🇳🇱 Danny van Poppel
29%
UAE Team Emirates 🇩🇰 Mikkel Bjerg
29%
UAE Team Emirates 🇸🇮 Domen Novak
28%
Team Jayco AlUla 🇳🇱 Dylan Groenewegen
28%
Team Picnic PostNL 🇳🇱 Fabio Jakobsen
28%
Cofidis 🇩🇪 Emanuel Buchmann
27%
UAE Team Emirates 🇨🇭 Jan Christen
27%
Red Bull Bora-Hansgrohe 🇸🇮 Jan Tratnik
27%
Team Picnic PostNL 🇳🇱 Julius Van den Berg
27%
Groupama-FDJ 🇳🇱 Lars van den Berg
27%
EF Education-EasyPost 🇳🇱 Marijn van den Berg
27%
Team Jayco AlUla 🇨🇭 Mauro Schmid
27%
Groupama-FDJ 🇫🇷 Quentin Pacher
27%
Arkéa-B&B Hotels 🇪🇸 Raúl García Pierna
27%
Groupama-FDJ 🇫🇷 Rémi Cavagna
27%
EF Education-EasyPost 🇵🇹 Rui Costa
27%
Soudal Quick-Step 🇧🇪 Yves Lampaert
27%
Cofidis 🇪🇸 Alex Aranburu
26%
INEOS Grenadiers 🇬🇧 Ben/Connor Swift
26%
INEOS Grenadiers 🇦🇺 Caleb Ewan
26%
Decathlon AG2R La Mondiale Team 🇦🇺 Callum Scotson
26%
Decathlon AG2R La Mondiale Team 🇧🇪 Dries De Bondt
26%
Intermarché-Wanty 🇫🇷 Hugo Page
26%
Cofidis 🇪🇸 Jesús Herrada
26%
INEOS Grenadiers 🇪🇸 Jonathan Castroviejo
26%
UAE Team Emirates 🇨🇴 Juan Sebastián Molano
26%
Red Bull Bora-Hansgrohe 🇳🇿 Laurence Pithie
26%
Decathlon AG2R La Mondiale Team 🇫🇷 Léo Bisiaux
26%
Lidl - Trek 🇨🇿 Mathias Vacek
26%
Arkéa-B&B Hotels 🇦🇺 Miles Scotson
26%
Decathlon AG2R La Mondiale Team 🇫🇷 Nans Peters
26%
Groupama-FDJ 🇫🇷 Paul Penhoët
26%
Team Visma - Lease a Bike 🇳🇱 Wilco Kelderman
26%
Arkéa-B&B Hotels 🇫🇷 Florian Sénéchal
25%
Bahrain Victorious 🇬🇧 Fred Wright
25%
INEOS Grenadiers 🇺🇸 Magnus Sheffield
25%
Team Visma - Lease a Bike 🇬🇧 Matthew Brennan
25%
Cofidis 🇧🇪 Dylan Teuns
24%
UAE Team Emirates 🇦🇹 Felix Großschartner
24%
Red Bull Bora-Hansgrohe 🇮🇹 Giulio Pellizzari
24%
Bahrain Victorious 🇦🇺 Jack Haig
24%
Lidl - Trek 🇪🇸 Juan Pedro López
24%
Decathlon AG2R La Mondiale Team 🇧🇪 Stan Dewulf
24%
Alpecin Deceuninck 🇳🇱 Tibor Del Grosso
24%
Lidl - Trek 🇱🇻 Toms Skujins
24%
EF Education-EasyPost 🇪🇨 Alexander Jefferson Cepeda
23%
UAE Team Emirates 🇵🇹 António Morgado
23%
Team Visma - Lease a Bike 🇬🇧 Ben Tulett
23%
Movistar 🇪🇨 Jefferson Alveiro Cepeda
23%
Team Jayco AlUla 🇦🇺 Luke Plapp
23%
INEOS Grenadiers 🇬🇧 Samuel Watson
23%
Lidl - Trek 🇩🇰 Soren Kragh Andersen
23%
Arkéa-B&B Hotels 🇧🇪 Amaury Capiot
22%
INEOS Grenadiers 🇬🇧 Ben Turner
22%
Lidl - Trek 🇪🇸 Carlos Verona
22%
Team Picnic PostNL 🇳🇱 Frank Van den Broek
22%
Arkéa-B&B Hotels 🇮🇹 Luca Mozzato
22%
Soudal Quick-Step 🇮🇹 Mattia Cattaneo
22%
Soudal Quick-Step 🇩🇪 Maximilian Schachmann
22%
Red Bull Bora-Hansgrohe 🇪🇸 Oier Lazkano
22%
Movistar 🇻🇪 Orluis Aular
22%
Lidl - Trek 🇧🇪 Thibau Nys
22%
Arkéa-B&B Hotels 🇫🇷 Clément Venturini
21%
Movistar 🇨🇴 Einer Rubio
21%
Intermarché-Wanty 🇩🇪 Georg Zimmermann
21%
Movistar 🇪🇸 Iván Romeo
21%
Alpecin Deceuninck 🇧🇪 Jonas Rickaert
21%
Team Picnic PostNL 🇬🇧 Max Poole
21%
Red Bull Bora-Hansgrohe 🇳🇱 Mick/Tim Van Dijke
21%
Alpecin Deceuninck 🇧🇪 Quinten Hermans
21%
Red Bull Bora-Hansgrohe 🇪🇸 Roger Adrià
21%
Team Picnic PostNL 🇩🇰 Tobias Lund Andresen
21%
Team Jayco AlUla 🇮🇪 Eddie Dunbar
20%
Movistar 🇨🇴 Fernando Gaviria
20%
Movistar 🇦🇹 Gregor Mühlberger
20%
Decathlon AG2R La Mondiale Team 🇳🇴 Johannes Staune-Mittet
20%
Intermarché-Wanty 🇧🇪 Laurenz Rex
20%
Lidl - Trek 🇩🇪 Lennard Kämna
20%
Soudal Quick-Step 🇺🇸 Luke Lamperti
20%
Alpecin Deceuninck 🇧🇪 Xandro Meurisse
20%
Lidl - Trek 🇳🇱 Daan Hoole
19%
Lidl - Trek 🇧🇪 Edward Theuns
19%
Soudal Quick-Step 🇬🇧 Ethan Hayter
19%
Red Bull Bora-Hansgrohe 🇳🇿 Finn Fisher-Black
19%
Red Bull Bora-Hansgrohe 🇮🇹 Gianni Moscon
19%
Movistar 🇪🇸 Javier Romo
19%
Arkéa-B&B Hotels 🇫🇷 Mathis Le Berre
19%
Red Bull Bora-Hansgrohe 🇮🇹 Matteo Sobrero
19%
Soudal Quick-Step 🇧🇪 Mauri Vansevenant
19%
Red Bull Bora-Hansgrohe 🇧🇪 Maxim Van Gils
19%
Team Picnic PostNL 🇨🇿 Pavel Bittner
19%
Team Picnic PostNL 🇫🇷 Romain Combaud
19%
Groupama-FDJ 🇫🇷 Rudy Molard
19%
Red Bull Bora-Hansgrohe 🇦🇺 Sam Welsford
19%
Movistar 🇪🇸 Albert Torres
18%
Cofidis 🇫🇷 Alexis Renard
18%
Lidl - Trek 🇱🇺 Alex Kirsch
18%
INEOS Grenadiers 🇨🇴 Brandon Rivera
18%
Groupama-FDJ 🇫🇷 Clément Russo
18%
EF Education-EasyPost 🇨🇴 Esteban Chaves
18%
Team Jayco AlUla 🇮🇹 Filippo Zana
18%
Decathlon AG2R La Mondiale Team 🇫🇷 Geoffrey Bouchard
18%
UAE Team Emirates 🇪🇸 Igor Arrieta
18%
Decathlon AG2R La Mondiale Team 🇫🇷 Jordan Labrosse
18%
Arkéa-B&B Hotels 🇱🇺 Michel Ries
18%
Red Bull Bora-Hansgrohe 🇩🇪 Nico Denz
18%
UAE Team Emirates 🇪🇸 Pablo Torres
18%
Lidl - Trek 🇦🇹 Patrick Konrad
18%
EF Education-EasyPost 🇺🇸 Sean Quinn
18%
Team Visma - Lease a Bike 🇳🇱 Steven Kruijswijk
18%
INEOS Grenadiers 🇲🇨 Victor Langelotti
18%
UAE Team Emirates 🇮🇹 Alessandro Covi
17%
Arkéa-B&B Hotels 🇮🇹 Alessandro Verre
17%
Cofidis 🇫🇷 Anthony Perez
17%
Movistar 🇪🇸 Iván García Cortina
17%
Arkéa-B&B Hotels 🇧🇪 Jenthe Biermans
17%
Groupama-FDJ 🇮🇹 Lorenzo Germani
17%
Team Jayco AlUla 🇦🇺 Luke Durbridge
17%
Groupama-FDJ 🇬🇧 Matthew Walls
17%
INEOS Grenadiers 🇨🇦 Michael Leonard
17%
EF Education-EasyPost 🇩🇰 Michael Valgren
17%
Bahrain Victorious 🇩🇪 Nikias Arndt
17%
INEOS Grenadiers 🇪🇸 Omar Fraile
17%
Decathlon AG2R La Mondiale Team 🇦🇺 Oscar Chamberlain
17%
Decathlon AG2R La Mondiale Team 🇧🇪 Sander De Pestel
17%
Cofidis 🇬🇧 Simon Carr
17%
Lidl - Trek 🇮🇹 Simone Consonni
17%
Arkéa-B&B Hotels 🇫🇷 Thibault/Victor Guernalec
17%
INEOS Grenadiers 🇺🇸 Andrew "AJ" August
16%
Soudal Quick-Step 🇫🇷 Antoine Huby
16%
Team Picnic PostNL 🇦🇺 Chris Hamilton
16%
Team Jayco AlUla 🇦🇺 Chris Harper
16%
Movistar 🇮🇹 Davide Formolo
16%
Bahrain Victorious 🇮🇹 Edoardo Zambanini
16%
Red Bull Bora-Hansgrohe 🇮🇹 Giovanni Aleotti
16%
Groupama-FDJ 🇨🇭 Johan Jacobs
16%
Team Picnic PostNL 🇩🇪 John Degenkolb
16%
Soudal Quick-Step 🇨🇿 Josef Černý
16%
Bahrain Victorious 🇵🇱 Kamil Gradek
16%
INEOS Grenadiers 🇦🇺 Lucas Hamilton
16%
Alpecin Deceuninck 🇦🇹 Michael Gogl
16%
Movistar 🇪🇸 Pablo Castrillo
16%
Decathlon AG2R La Mondiale Team 🇫🇷 Pierre Gautherat
16%
Red Bull Bora-Hansgrohe 🇮🇪 Ryan Mullen
16%
INEOS Grenadiers 🇮🇹 Salvatore Puccio
16%
Cofidis 🇵🇱 Stanislaw Aniolkowski
16%
Alpecin Deceuninck 🇦🇹 Tobias Bayer
16%
Bahrain Victorious 🇳🇴 Torstein Træen
16%
Lidl - Trek 🇮🇹 Andrea Bagioli
15%
Team Picnic PostNL 🇳🇱 Casper van Uden
15%
Alpecin Deceuninck 🇧🇪 Edward Planckaert
15%
UAE Team Emirates 🇮🇹 Filippo Baroncini
15%
EF Education-EasyPost 🇬🇧 Hugh Carthy
15%
Team Picnic PostNL 🇺🇸 Kevin Vermaerke
15%
Alpecin Deceuninck 🇮🇹 Luca Vergallito
15%
Team Jayco AlUla 🇸🇮 Luka Mezgec
15%
Cofidis 🇧🇪 Milan Fretin
15%
Groupama-FDJ 🇫🇷 Olivier Le Gac
15%
Groupama-FDJ 🇫🇷 Remy Rochas
15%
UAE Team Emirates 🇳🇴 Vegard Stake Laengen
15%
EF Education-EasyPost 🇮🇹 Vincenzo Albanese
15%
Movistar 🇺🇸 Will Barta
15%
Arkéa-B&B Hotels 🇫🇷 Anthony Delaplace
14%
EF Education-EasyPost 🇮🇪 Archie Ryan
14%
Lidl - Trek 🇳🇱 Bauke Mollema
14%
Intermarché-Wanty 🇳🇿 Dion Smith
14%
Groupama-FDJ 🇳🇴 Erik Sven Bystrøm
14%
Team Visma - Lease a Bike 🇳🇴 Per Strand Hagenes
14%
Lidl - Trek 🇿🇦 Ryan Gibbons
14%
Soudal Quick-Step 🇧🇪 William Junior Lecerf
14%
Intermarché-Wanty 🇫🇷 Alexy Faure Prost
13%
Team Visma - Lease a Bike 🇳🇱 Bart Lemmen
13%
Groupama-FDJ 🇫🇷 Brieuc Rolland
13%
Team Visma - Lease a Bike 🇧🇪 Cian Uijtdebroeks
13%
Groupama-FDJ 🇫🇷 Cyril Barthe
13%
EF Education-EasyPost 🇮🇪 Darren Rafferty
13%
Groupama-FDJ 🇫🇷 Enzo Paleni
13%
Intermarché-Wanty 🇧🇪 Gerben Thijssen
13%
Soudal Quick-Step 🇬🇧 James Knox
13%
Team Visma - Lease a Bike 🇳🇴 Jorgen Nordhagen
13%
Soudal Quick-Step 🇧🇪 Louis Vervaeke
13%
Bahrain Victorious 🇸🇮 Matevž Govekar
13%
EF Education-EasyPost 🇩🇰 Mikkel Frølich Honoré
13%
Decathlon AG2R La Mondiale Team 🇫🇷 Noa Isidore
13%
Movistar 🇪🇸 Pelayo Sanchez
13%
Cofidis 🇧🇪 Piet Allegaert
13%
Alpecin Deceuninck 🇧🇪 Robbe Ghys
13%
Team Visma - Lease a Bike 🇬🇧 Thomas Gloag
13%
Lidl - Trek 🇧🇪 Tim Declercq
13%
Cofidis 🇧🇪 Aimé De Gendt
12%
Groupama-FDJ 🇫🇷 Clément Braz Afonso
12%
Team Visma - Lease a Bike 🇬🇧 Daniel McLay
12%
EF Education-EasyPost 🇩🇪 Georg Steinhauser
12%
Intermarché-Wanty 🇩🇪 Jonas Rutsch
12%
Intermarché-Wanty 🇮🇹 Lorenzo Rota
12%
Intermarché-Wanty 🇳🇱 Taco van der Hoorn
12%
Groupama-FDJ 🇫🇷 Thibaud Gruel
12%
Bahrain Victorious 🇵🇹 Afonso Eulalio
11%
INEOS Grenadiers 🇺🇸 Artem Schmidt
11%
Team Jayco AlUla 🇩🇰 Christopher Juul-Jensen
11%
Groupama-FDJ 🇫🇷 Clément Davy
11%
Cofidis 🇫🇷 Damien Touzé
11%
Groupama-FDJ 🇫🇷 Eddy Le Huitouze
11%
Arkéa-B&B Hotels 🇫🇷 Élie Gesbert
11%
Alpecin Deceuninck 🇧🇪 Emiel Verstrynge
11%
Red Bull Bora-Hansgrohe 🇵🇱 Filip Maciejuk
11%
Team Jayco AlUla 🇪🇹 Hagos Welay Berhe
11%
EF Education-EasyPost 🇬🇧 James Shaw
11%
UAE Team Emirates 🇩🇰 Julius Johansen
11%
INEOS Grenadiers 🇩🇪 Kim Heiduk
11%
Movistar 🇮🇹 Lorenzo Milesi
11%
EF Education-EasyPost 🇪🇪 Madis Mihkels
11%
Movistar 🇩🇰 Mathias Norsgaard
11%
Team Jayco AlUla 🇩🇪 Max Walscheid
11%
Arkéa-B&B Hotels 🇫🇷 Pierre Thierry
11%
Bahrain Victorious 🇦🇺 Robert Stannard
11%
Movistar 🇵🇹 Ruben Guerreiro
11%
Alpecin Deceuninck 🇳🇿 Samuel Gaze
11%
Arkéa-B&B Hotels 🇫🇷 Simon Guglielmi
11%
Team Jayco AlUla 🇮🇹 Alessandro De Marchi
10%
Bahrain Victorious 🇮🇹 Andrea Pasqualon
10%
Soudal Quick-Step 🇧🇪 Bert Van Lerberghe
10%
Alpecin Deceuninck 🇸🇮 Gal Glivar
10%
EF Education-EasyPost 🇦🇺 Harry Sweeny
10%
Team Visma - Lease a Bike 🇧🇪 Julien Vermote
10%
Arkéa-B&B Hotels 🇧🇪 Laurens Huys
10%
Movistar 🇪🇷 Natnael Tesfatsion
10%
UAE Team Emirates 🇧🇪 Rune Herregodts
10%
Decathlon AG2R La Mondiale Team 🇳🇴 Tord Gudmestad
10%
Lidl - Trek 🇪🇷 Amanuel Ghebreigzabhier
9%
Intermarché-Wanty 🇧🇪 Arne Marit
9%
Movistar 🇮🇹 Davide Cimolai
9%
Arkéa-B&B Hotels 🇫🇷 Donavan Grondin
9%
Team Jayco AlUla 🇳🇱 Elmar Reinders
9%
Red Bull Bora-Hansgrohe 🇩🇰 Frederik Wandahl
9%
Decathlon AG2R La Mondiale Team 🇧🇪 Gianluca Pollefliet
9%
Lidl - Trek 🇮🇹 Jacopo Mosca
9%
Alpecin Deceuninck 🇦🇺 Jensen Plowright
9%
Cofidis 🇪🇸 Jonathan Lastra
9%
EF Education-EasyPost 🇪🇸 Markel Beloki
9%
Team Visma - Lease a Bike 🇩🇪 Niklas Behrens
9%
Alpecin Deceuninck 🇳🇱 Oscar Riesebeek
9%
Soudal Quick-Step 🇳🇱 Pascal Eenkhoorn
9%
Bahrain Victorious 🇦🇹 Rainer Kepplinger
9%
Intermarché-Wanty 🇮🇹 Simone Petilli
9%
Cofidis 🇮🇹 Stefano Oldani
9%
EF Education-EasyPost 🇯🇵 Yuhi Todome
9%
Movistar 🇪🇸 Antonio Pedrero
8%
Red Bull Bora-Hansgrohe 🇩🇪 Ben Zwiehoff
8%
Team Jayco AlUla 🇳🇿 Campbell Stewart
8%
Cofidis 🇫🇷 Eddy Finé
8%
Arkéa-B&B Hotels 🇳🇴 Embret Svestad-Bardseng
8%
Bahrain Victorious 🇭🇷 Fran Miholjević
8%
Cofidis 🇫🇷 Hugo Toumire
8%
Alpecin Deceuninck 🇩🇰 Johan Price-Pejtersen
8%
Movistar 🇪🇸 Jorge Arcas
8%
Intermarché-Wanty 🇧🇪 Kobe Goossens
8%
Team Jayco AlUla 🇳🇱 Koen Bouwman
8%
Arkéa-B&B Hotels 🇫🇷 Louis Rouland
8%
Intermarché-Wanty 🇧🇪 Luca Van Boven
8%
Soudal Quick-Step 🇸🇰 Martin Svrček
8%
Arkéa-B&B Hotels 🇳🇴 Martin Tjøtta
8%
Cofidis 🇫🇷 Nicolas Debeaumarché
8%
Team Picnic PostNL 🇳🇱 Nils Eekhoff
8%
Cofidis 🇬🇧 Oliver Knight
8%
EF Education-EasyPost 🇬🇧 Owain Doull
8%
Team Jayco AlUla 🇦🇹 Patrick Gamper
8%
Cofidis 🇫🇷 Paul Ourselin
8%
Lidl - Trek 🇳🇱 Sam Oomen
8%
Cofidis 🇪🇸 Sergio Samitier
8%
Groupama-FDJ 🇫🇷 Tom Donnenwirth
8%
Team Visma - Lease a Bike 🇧🇪 Tosh Van der Sande
8%
Intermarché-Wanty 🇧🇪 Vito Braet
8%
Bahrain Victorious 🇮🇹 Alberto Bruttomesso
7%
Red Bull Bora-Hansgrohe 🇦🇹 Alexander Hajek
7%
Red Bull Bora-Hansgrohe 🇩🇪 Anton Palzer
7%
Team Picnic PostNL 🇳🇱 Bram Welten
7%
Cofidis 🇫🇷 Clément Izquierdo
7%
Soudal Quick-Step 🇧🇪 Dries Van Gestel
7%
Red Bull Bora-Hansgrohe 🇩🇪 Emil Herzog
7%
Bahrain Victorious 🇬🇧 Finlay Pickering
7%
Arkéa-B&B Hotels 🇮🇹 Giosué Epis
7%
Alpecin Deceuninck 🇩🇪 Henri Uhlig
7%
Intermarché-Wanty 🇳🇱 Huub Artz
7%
Red Bull Bora-Hansgrohe 🇩🇪 Jonas Koch
7%
Alpecin Deceuninck 🇩🇪 Juri Hollmann
7%
Alpecin Deceuninck 🇳🇱 Lars Boven
7%
Arkéa-B&B Hotels 🇫🇷 Léandre Lozouet
7%
Team Picnic PostNL 🇦🇺 Matthew Dinham
7%
Team Picnic PostNL 🇩🇪 Niklas Märkl
7%
Lidl - Trek 🇧🇪 Otto Vergaerde
7%
Team Jayco AlUla 🇬🇧 Paul Double
7%
Soudal Quick-Step 🇧🇪 Pieter Serry
7%
Alpecin Deceuninck 🇧🇪 Ramses Debruyne
7%
Alpecin Deceuninck 🇧🇪 Simon Dehairs
7%
Team Picnic PostNL 🇳🇱 Tim Naberman
7%
Alpecin Deceuninck 🇧🇪 Timo Kielich
7%
Cofidis 🇫🇷 Valentin Ferron
7%
Team Jayco AlUla 🇩🇰 Anders Foldager
6%
Soudal Quick-Step 🇧🇪 Ayco Bastiaens
6%
Movistar 🇪🇸 Carlos Canal
6%
Team Jayco AlUla 🇮🇹 Davide De Pretto
6%
Intermarché-Wanty 🇧🇪 Dries De Pooter
6%
Alpecin Deceuninck 🇧🇪 Fabio Van Den Bossche
6%
Soudal Quick-Step 🇮🇹 Gianmarco Garofoli
6%
Soudal Quick-Step 🇧🇪 Gil Gelders
6%
EF Education-EasyPost 🇳🇱 Jardi Van der Lee
6%
Team Jayco AlUla 🇩🇪 Jasha Sütterlin
6%
Alpecin Deceuninck 🇧🇪 Jimmy Janssens
6%
Movistar 🇮🇹 Manilo Moro
6%
Team Jayco AlUla 🇦🇺 Michael Hepburn
6%
Movistar 🇩🇪 Michel Hessmann
6%
Bahrain Victorious 🇮🇹 Nicolò Buratti
6%
Cofidis 🇫🇷 Nolann Mahoudo
6%
Team Picnic PostNL 🇬🇧 Sean Flynn
6%
Alpecin Deceuninck 🇧🇪 Stan Van Tricht
6%
Cofidis 🇧🇪 Sylvain Moniquet
6%
Team Picnic PostNL 🇳🇱 Timo Roosen
6%
Lidl - Trek 🇩🇪 Tim Torn Teutenberg
6%
Bahrain Victorious 🇧🇪 Vlad Van Mechelen
6%
Bahrain Victorious 🇸🇮 Zak Erzen
6%
Team Jayco AlUla 🇿🇦 Alan Hatherly
5%
Team Picnic PostNL 🇦🇺 Alexander Edmondson
5%
Team Jayco AlUla 🇩🇪 Felix Engelhardt
5%
Intermarché-Wanty 🇮🇹 Francesco Busatto
5%
Team Picnic PostNL 🇳🇱 Gijs Leemreize
5%
EF Education-EasyPost 🇬🇧 Jack Rootkin-Gray
5%
Soudal Quick-Step 🇧🇪 Jordi Warlop
5%
Intermarché-Wanty 🇮🇹 Kevin Colleoni
5%
Team Visma - Lease a Bike 🇳🇱 Loe Van Belle
5%
EF Education-EasyPost 🇬🇧 Lukas Nerurkar
5%
Bahrain Victorious 🇳🇱 Max Van der Meulen
5%
Team Visma - Lease a Bike 🇳🇱 Menno Huising
5%
Intermarché-Wanty 🇳🇱 Roel Van Sintmaartensdijk
5%
Bahrain Victorious 🇷🇺 Roman Ermakov
5%
Cofidis 🇫🇷 Sam Maisonobe
5%
EF Education-EasyPost 🇮🇹 Samuele Battistella
5%
Team Visma - Lease a Bike 🇳🇱 Thijmen Graat
5%
Intermarché-Wanty 🇧🇪 Tom Paquot
5%
Movistar 🇨🇴 Diego Pescador
4%
Intermarché-Wanty 🇧🇪 Gijs Van Hoecke
4%
Movistar 🇪🇸 Gonzalo Serrano
4%
Movistar 🇪🇸 Jon Barrenetxea
4%
Team Jayco AlUla 🇦🇺 Kelland O'Brien
4%
Cofidis 🇧🇪 Ludovic Robeet
4%
Bahrain Victorious 🇳🇱 Mathijs Paasschens
4%
EF Education-EasyPost 🇬🇧 Max Walker
4%
Team Picnic PostNL 🇦🇺 Patrick Eddy
4%
Soudal Quick-Step 🇧🇪 Warre Vangheluwe
4%
Team Jayco AlUla 🇩🇰 Asbjorn Hellemose
3%
Team Picnic PostNL 🇬🇧 Bjoern Koerdt
3%
Bahrain Victorious 🇮🇹 Daniel Skerl
3%
Intermarché-Wanty 🇧🇪 Kamiel Bonneu
3%
EF Education-EasyPost 🇦🇺 Alastair Mackellar
2%
Soudal Quick-Step 🇮🇹 Andrea Raccagni Noviero
2%
Team Picnic PostNL 🇳🇱 Enzo Leijnse
2%
Intermarché-Wanty 🇧🇪 Gerben Kuypers
2%
Bahrain Victorious 🇬🇧 Oliver Stockwell
2%
Soudal Quick-Step 🇳🇱 Pepijn Reinderink
2%
Team Picnic PostNL 🇧🇪 Robbe Dhondt
2%
Team Jayco AlUla 🇬🇧 Robert Donaldson
2%
Team Jayco AlUla 🇳🇱 Jelte Krijnsen
1%
Aucun quiz correspondant
Distribution des résultats
% des personnes avec chaque résultat
Percentile par nombre de réponses
Votre historique - résultats
Vous n’avez pas pris ce quiz depuis la dernière actualisation